A method of analysing macrosynoptic types using analogy indices

Elmentve itt :
Bibliográfiai részletek
Szerzők: Bartholy Judit
Gulyás O.
Dokumentumtípus: Cikk
Megjelent: 1980
Sorozat:Acta climatologica 16-17
Kulcsszavak:Éghajlattan
Tárgyszavak:
Online Access:http://acta.bibl.u-szeged.hu/16795
LEADER 00749nab a2200217 i 4500
001 acta16795
005 20220506152238.0
008 161015s1980 hu o 0|| eng d
022 |a 0563-0614 
040 |a SZTE Egyetemi Kiadványok Repozitórium  |b hun 
041 |a eng 
100 1 |a Bartholy Judit 
245 1 2 |a A method of analysing macrosynoptic types using analogy indices  |h [elektronikus dokumentum] /  |c  Bartholy Judit 
260 |c 1980 
300 |a 11-17 
490 0 |a Acta climatologica  |v 16-17 
650 4 |a Természettudományok 
650 4 |a Föld- és kapcsolódó környezettudományok 
695 |a Éghajlattan 
700 0 1 |a Gulyás O.  |e aut 
856 4 0 |u http://acta.bibl.u-szeged.hu/16795/1/climatologica_016_017_011-017.pdf  |z Dokumentum-elérés